| 000 | 00670nam a2200229 a 4500 | ||
|---|---|---|---|
| 005 | 20210219152915.0 | ||
| 008 | 991125n 000 0 eng u | ||
| 035 | _aUPN01000066710 | ||
| 100 | _aJohannesson, Ingolfur A. | ||
| 222 | _aEDUCATIONAL POLICY | ||
| 245 | _aCapable of resisting and entitled to lead : on the historical conditions of the neo-marxist educational discourse | ||
| 300 | _a298-318 | ||
| 362 | _a1992 6, no. 3 | ||
| 653 | 0 | _aANALISIS MARXISTA | |
| 653 | 0 | _aCONCEPTOS ERRONEOS | |
| 653 | 0 | _aELITISMO | |
| 653 | 0 | _aLIDERAZGO | |
| 653 | 0 | _aPOLITICAS DE EDUCACION | |
| 653 | 0 | _aTEORIA CRITICA | |
| 904 |
_aAC _b004521 |
||
| 905 | _aArticulo | ||
| 999 |
_c63622 _d63622 |
||